00409 2200145 4500245007500000020002200075250001100097100003600108650001400144005001900158260003600177041001400213084000900227300002700236 aDasar dasar manajemen pemasarancDrs. Danang Sunyoto, SH.,SE.,MMhText a978-602-9324-05-1 aCet. 2 aDrs. Danang Sunyoto, SH.,SE.,MM aNon fiksi a20240909140510 aYogyakartabPenerbit Capsc2013 aIndonesia aNONE a200 hlm :c15 × 23 cm